Fr. Conceicao Rodrigues College of Engineering

Intution:Knowing beyond logic (Record no. 33161)

MARC details
000 -LEADER
fixed length control field 00329nam a2200157Ia 4500
082 ## - DEWEY DECIMAL CLASSIFICATION NUMBER
Classification number 153.44/OSH
Item number OSH
100 ## - MAIN ENTRY--PERSONAL NAME
Personal name Osho
245 ## - TITLE STATEMENT
Title Intution:Knowing beyond logic
260 ## - PUBLICATION, DISTRIBUTION, ETC.
Name of publisher, distributor, etc. St.Martins Griffins
Date of publication, distribution, etc. 2001
366 ## - TRADE AVAILABILITY INFORMATION
Publishers's discount category 17.5
300 ## - PHYSICAL DESCRIPTION
Extent 194
546 ## - LANGUAGE NOTE
Language note ENGLISH
650 ## - SUBJECT ADDED ENTRY--TOPICAL TERM
Topical term or geographic name entry element Philosophy
654 ## - SUBJECT ADDED ENTRY--FACETED TOPICAL TERMS
Focus term osho
942 ## - ADDED ENTRY ELEMENTS (KOHA)
Koha item type BOOK
Holdings
Withdrawn status Lost status Damaged status Not for loan Collection Home library Current library Date acquired Source of acquisition Cost, normal purchase price Inventory number Total Checkouts Full call number Barcode Date last seen Date last checked out Cost, replacement price Price effective from Koha item type
        CRC Fr. Agnel's C.Rodrigues College of Engineering Fr. Agnel's C.Rodrigues College of Engineering 17/03/2023 Educational books and periodicals 160.88 258 dt 27/04/2009 4 153.44/OSH OSH 19571 01/06/2026 27/05/2026 195.00   BOOK